100 Largest Cities in South America - Statistics

General Stats
  • This quiz has been taken 72 times
    37 since last reset
  • The average score is 39 of 100
Answer Stats
Population Answer Country % Correct
7.7M Lima Peru
100%
6M Rio de Janeiro Brazil
100%
5M Santiago Chile
100%
7.6M Bogota Colombia
97%
2.2M Brasilia Brazil
97%
13M Buenos Aires Argentina
97%
10M Sao Paulo Brazil
97%
3M Caracas Venezuela
94%
1.4M Quito Ecuador
94%
2.4M Cali Colombia
91%
2M Medellin Colombia
91%
2.7M Salvador Brazil
91%
400 Bello Colombia
88%
2.7M Belo Horizonte Brazil
88%
1.7M Manaus Brazil
88%
1.6M Asuncion Paraguay
85%
1.4M Belem Brazil
85%
1.9M Curitiba Brazil
85%
1.5M Recife Brazil
82%
1.4M Barranquilla Colombia
79%
800K La Paz Bolivia
79%
1.3M Montevideo Uruguay
76%
1.4M Porto Alegre Brazil
76%
1.2M Goiania Brazil
73%
2.2M Maracaibo Venezuela
73%
1M Campinas Brazil
70%
950K Cartagena Colombia
70%
2.4M Fortaleza Brazil
70%
1.5M Cordoba Argentina
67%
1.4M Valencia Venezuela
67%
900K Mendoza Argentina
64%
750K Natal Brazli
64%
1.2M Rosario Argentina
64%
850K Arequipa Peru
61%
400K Florianopolis Brazil
55%
900K Sao Luis Brazil
55%
900K Cochabamba Bolivia
52%
750K Trujillo Peru
45%
800K Barquisimeto Venezuela
42%
700K La Plata Argentina
42%
1.8M Maracay Venezuela
42%
800K San Miguel de Tucuman Argentina
42%
550K Bucaramanga Colombia
36%
950K Maceio Brazil
36%
400K Santos Brazil
36%
750K Teresina Brazil
36%
650K Joao Pessoa Brazil
33%
750K Campo Grande Brazil
30%
500K Aracaju Brazil
27%
400K Barcelona Venezuela
27%
700K Cucuta Colombia
27%
500K Cuiaba Brazil
27%
450K Iquitos Peru
27%
450K San Juan Argentina
27%
1.4M Santa Cruz de la Sierra Bolivia
27%
2M Guyaquil Ecuador
24%
800K Duque de Caxias Brazil
21%
450K Joinville Brazil
21%
450K Londrina Brazil
21%
750K Ciudad Guayana Venezuela
18%
500K Salta Argentina
18%
550K Uberlandia Brazil
18%
600K Chiclayo Brazil
15%
1.2M Guarulhos Brazil
15%
400K Resistencia Argentina
15%
800K Callao Peru
12%
550K Mar del Plata Argentina
12%
600K Ribeirao Preto Brazil
12%
450K Santa Marta Colombia
12%
400K Caxias do Sul Brazil
9%
400K Ibague Colombia
9%
450K Juiz de Fora Brazil
9%
400K Maturin Venezuela
9%
450K Belford Roxo Brazil
6%
450K Niteroi Brazil
6%
700K Osasco Brazil
6%
400K Pasto Colombia
6%
500K Puente Alto Chile
6%
400K Serra Brazil
6%
550K Sorocaba Brazil
6%
500K Aparecida de Goiania Brazil
3%
400K Betim Brazil
3%
400K Campos dos Goytacazes Brazil
3%
650K Contagem Brazil
3%
400K Diadema Brazil
3%
450K Feira de Santana Brazil
3%
700K Jaboatao Brazil
3%
450K Pereira Colombia
3%
650K Santo Andre Brazil
3%
600K Sao Jose dos Campos Brazil
3%
400K Vila Velha Brazil
3%
450K Ananindeua Brazil
0%
650K Jaboatao dos Guararapes Brazil
0%
400K Maua Brazil
0%
1M Nova Iguacu Brazil
0%
500K Quilmes Argentina
0%
400K Ribeirao das Neves Brazil
0%
500K Santa Fe de la Vera Cruz Argentina
0%
750K Sao Bernardo do Campo Brazil
0%
450K Sao Joao de Meriti Brazil
0%
No matching quizzes found
Score Distribution
Percent of People with Each Score
Percentile by Number Answered
Your Score History
You have not taken this quiz since the last reset